Tendencias de la polt̕ica criminal contemporǹea

Bibliographic Details
Main Author: Merino Herrera, Joaqun̕
Format: eBook
Language:Spanish
Published: Madrid: Marcial Pons, 2018
Subjects:
Online Access:Acceso restringido

MARC

LEADER 00000nam a22000007a 4500
005 20210818214523.0
007 cr|||| ||||
008 210818s2018 es |||||s|||| 00||0 spa d
020 |a 978-84-9123-726-6 
035 |a 33654 
040 |a vLex 
090 |c 12042  |d 12042 
100 1 |a Merino Herrera, Joaqun̕ 
245 1 0 |a Tendencias de la polt̕ica criminal contemporǹea  |h [Recurso electrn̤ico] /  |c Joaqun̕ Merino Herrera 
256 |a Servicio en ln̕ea 
260 |a Madrid:  |b Marcial Pons,  |c 2018 
300 |a 1 recurso electrn̤ico 
500 |a La polt̕ica criminal contemporǹea se conforma de una base dogmt̀ica que en gran parte se consolida con el pensamiento cls̀ico y que, pese a todo, conserva su vigencia en los sistemas de represin̤ penal. Pero tambiň envuelve paradojas y contradicciones, porque no es poco comn︢ que muestre ciertas anomala̕s que entran en pugna con los esquemas garantistas y que sobre todo se emplean para hacer frente a sectores delictivos especialmente graves. Seguramente es cierto que el hecho de que estos rasgos de extralimitacin̤ se detecten con nitidez tiene que ver con nuestra evolucin̤ en materia de derechos y de libertades fundamentales. En efecto, el Derecho penal, antes que un elemento de vindicacin̤, debe ser concebido como un muro impenetrable de la polt̕ica criminal. Este camino sin retorno hacia la mn̕ima intervencin̤, como ha ocurrido en el contexto latinoamericano, ya fue iniciado por los mexicanos desde hace algn︢ tiempo. 
506 1 |a Disponible solo en los productos indicados  |d vLex Global  |d vLex Global (Academic Edition, excluding Law Schools)  |d vLex Global (U.S. Academic Edition, Law Schools)  |d vLex Global (U.S. Academic Edition, excluding Law Schools)  |d vLex Global (Academic Edition, Law Schools) 
650 0 4 |a Derecho Penal  |z Espaą 
740 0 |a vLex Libros (Servicio en ln̕ea) 
856 4 0 |u https://app.vlex.com/#/sources/33654  |z Acceso restringido 
942 |c BOOK 
999 0 |a Criminal law